The war and democracy / (Record no. 129763)

MARC details
000 -LEADER
campo de control de longitud fija 01182nam a2200241 i 4500
001 - NÚMERO DE CONTROL
campo de control 129763
003 - IDENTIFICADOR DE NÚMERO DE CONTROL
campo de control ES-MaACL
005 - FECHA Y HORA DE LA ÚLTIMA TRANSACCIÓN
campo de control 20230906193553.0
007 - CAMPO FIJO DE DESCRIPCIÓN FÍSICA--INFORMACIÓN GENERAL
campo de control de longitud fija t|
008 - DATOS DE LONGITUD FIJA--INFORMACIÓN GENERAL
campo de control de longitud fija 070705s1915 xxk ||||1| eng d
245 04 - MENCIÓN DEL TÍTULO
Título The war and democracy /
Mención de responsabilidad, etc. by R.W. Seton-Watson, J. Dover Wilson, Alfred E. Zimmern and Arthur Greenwood.
260 ## - PUBLICACIÓN, DISTRIBUCIÓN, ETC.
Lugar de publicación, distribución, etc. London :
Nombre del editor, distribuidor, etc. Macmillan and Co.,
Fecha de publicación, distribución, etc. 1915.
300 ## - DESCRIPCIÓN FÍSICA
Extensión XIV, 390 p. ;
Dimensiones 18 cm.
505 0# - NOTA DE CONTENIDO CON FORMATO
Nota de contenido con formato Introductory, by A.E. Zimmern . The national idea in Europe, 1789-1914, by J.D. Wilson . Germany, by A. E. Zimmern . Austria-Hungary and the southern Slavs, by R.W. Seton-Watson . Russia, by J.D. Wilson . Foreign policy; The issues of the war, by R.W. Seton-Watson . Social and economic aspects of the war, by A. Greenwood . German culture and the British Commonwealth, by A.E. Zimmern.
650 14 - PUNTO DE ACCESO ADICIONAL DE MATERIA--TÉRMINO DE MATERIA
Término de materia o nombre geográfico como elemento de entrada Guerra mundial, 1914-1918.
9 (RLIN) 13212
650 04 - PUNTO DE ACCESO ADICIONAL DE MATERIA--TÉRMINO DE MATERIA
Término de materia o nombre geográfico como elemento de entrada Nacionalismo-
Subdivisión geográfica Europa.
9 (RLIN) 15452
651 #4 - PUNTO DE ACCESO ADICIONAL DE MATERIA--NOMBRE GEOGRÁFICO
Nombre geográfico Europa-
Subdivisión general Historia-
Subdivisión cronológica 1871-1918.
9 (RLIN) 8607
700 1# - ENTRADA AGREGADA--NOMBRE PERSONAL
Nombre de persona Seton-Watson, Robert William.
9 (RLIN) 105903
700 1# - ENTRADA AGREGADA--NOMBRE PERSONAL
Nombre de persona Wilson, John Dover.
9 (RLIN) 117036
700 1# - ENTRADA AGREGADA--NOMBRE PERSONAL
Nombre de persona Zimmern, Alfred Eckhard.
9 (RLIN) 118281
700 1# - ENTRADA AGREGADA--NOMBRE PERSONAL
Nombre de persona Greenwood, Arthur.
9 (RLIN) 59872
852 ## - LOCALIZACIÓN
Ubicación ES-MaACL
Número de control de estantería D-2348
Holdings
Estatus retirado Estado de pérdida Estado de daño No para préstamo Biblioteca de origen Biblioteca actual Ubicación en estantería Fecha de adquisición Fuente de adquisición Total de préstamos Signatura topográfica completa Código de barras Visto por última vez Precio de reemplazo Tipo de ítem Koha
        Biblioteca del Ateneo de Madrid Biblioteca del Ateneo de Madrid Sala Valle Inclán 17/01/2008     D-2348 901135118 23/02/2023 23/02/2023 Libro impreso